A történelemtanítás problémái a didaktikai irodalom tükrében

Elmentve itt :
Bibliográfiai részletek
Szerző: Hanzó Lajos
Dokumentumtípus: Cikk
Megjelent: 1944
Sorozat:Nevelésügyi szemle 8 No. 5-6
Kulcsszavak:Történelem tanítása, Nevelésügy - Magyarország - 20. sz., Oktatásügy - Magyarország, Pedagógia - Magyarország - 20. sz.
Online Access:http://acta.bibl.u-szeged.hu/53675
LEADER 00717nab a2200169 i 4500
001 acta53675
005 20260224081030.0
008 180320s1944 hu o 000 hun d
040 |a SZTE Egyetemi Kiadványok Repozitórium  |b hun 
041 |a hun 
100 1 |a Hanzó Lajos 
245 1 2 |a A történelemtanítás problémái a didaktikai irodalom tükrében  |h [elektronikus dokumentum] /  |c  Hanzó Lajos 
260 |c 1944 
300 |a 97-102 
490 0 |a Nevelésügyi szemle  |v 8 No. 5-6 
695 |a Történelem tanítása, Nevelésügy - Magyarország - 20. sz., Oktatásügy - Magyarország, Pedagógia - Magyarország - 20. sz. 
856 4 0 |u http://acta.bibl.u-szeged.hu/53675/1/nev_szem_008_005_006_097-102.pdf  |z Dokumentum-elérés